000 00652nam a2200193Ia 4500
003 LK-CoDNM
008 010623t2007 xxu||||| |||| 00| 1 sin d
040 _aLK-CoDNM
_dLK-CoDNM
_eLK-CoDNM
041 _asin
080 _a(x) 398
_bKUM
100 _aKumarasinghe, Sarachchandra
245 _aඇදහිලි විශ්වාස හා ජනක්‍රීඩා (දේවමැදි හත්පත්තුව ඇසුරිණි)
246 _aAdahili vishwasa haa janakreeda : Dewamedi hathpaththuwa asurini
260 _bS.Godage
_aColombo
_c2007
300 _b88, 21.5 cm
650 _aCulture
650 _aFolklore
942 _cBK
999 _c126530
_d126530